<?xml version="1.0" encoding="UTF-8"?>
<record
    xmlns:xsi="http://www.w3.org/2001/XMLSchema-instance"
    xsi:schemaLocation="http://www.loc.gov/MARC21/slim http://www.loc.gov/standards/marcxml/schema/MARC21slim.xsd"
    xmlns="http://www.loc.gov/MARC21/slim">

  <leader>01484cam a22002178i 4500</leader>
  <controlfield tag="005">20260623132225.0</controlfield>
  <datafield tag="020" ind1=" " ind2=" ">
    <subfield code="a">9781009216289</subfield>
  </datafield>
  <datafield tag="020" ind1=" " ind2=" ">
    <subfield code="a">9781009216241</subfield>
  </datafield>
  <datafield tag="082" ind1="0" ind2="0">
    <subfield code="a">R 658.18 LAL/M</subfield>
    <subfield code="2">23/eng/20221230</subfield>
  </datafield>
  <datafield tag="100" ind1="1" ind2=" ">
    <subfield code="a">Lall, Ranjit,</subfield>
    <subfield code="e">author.</subfield>
    <subfield code="9">16843</subfield>
  </datafield>
  <datafield tag="245" ind1="1" ind2="0">
    <subfield code="a">Making international institutions work :</subfield>
    <subfield code="b">the politics of performance /</subfield>
    <subfield code="c">by Ranjit Lall.</subfield>
  </datafield>
  <datafield tag="260" ind1=" " ind2=" ">
    <subfield code="a">. -U K </subfield>
    <subfield code="b">: Cambdridge University Press</subfield>
    <subfield code="c">, 2023</subfield>
  </datafield>
  <datafield tag="300" ind1=" " ind2=" ">
    <subfield code="a">xiv+378 pages</subfield>
  </datafield>
  <datafield tag="504" ind1=" " ind2=" ">
    <subfield code="a">Includes bibliographical references and index.</subfield>
  </datafield>
  <datafield tag="505" ind1="0" ind2=" ">
    <subfield code="a">International Institutions and the Performance Puzzle -- A Theory of Institutional Performance -- Learning from Assessment: Quantitative Tests on 54 Institutions -- Performing for Scraps: Comparing the FAO, the WFP, and IFAD -- The Performance of Life: Comparing the WHO, UNAIDS, Gavi, and GFATM -- Effective but Unaccountable? Autonomy and the Politics of Reform -- The Politics of Performance: Contributions and Implications.</subfield>
  </datafield>
  <datafield tag="520" ind1=" " ind2=" ">
    <subfield code="a">"International institutions are essential for tackling urgent challenges facing the world, yet we know little about when they succeed, when they fail, and why. This book develops and systematically tests a new theory of institutional performance, offering fresh insights to students of international cooperation and practical lessons for policymakers"--</subfield>
  </datafield>
  <datafield tag="650" ind1=" " ind2="0">
    <subfield code="a">International agencies</subfield>
    <subfield code="9">16844</subfield>
  </datafield>
  <datafield tag="650" ind1=" " ind2="0">
    <subfield code="a">Organizational behavior.</subfield>
    <subfield code="9">1959</subfield>
  </datafield>
  <datafield tag="650" ind1=" " ind2="0">
    <subfield code="a">International organization.</subfield>
    <subfield code="9">16845</subfield>
  </datafield>
  <datafield tag="942" ind1=" " ind2=" ">
    <subfield code="2">ddc</subfield>
    <subfield code="c">REF</subfield>
  </datafield>
  <datafield tag="999" ind1=" " ind2=" ">
    <subfield code="c">760959</subfield>
    <subfield code="d">760959</subfield>
  </datafield>
  <datafield tag="952" ind1=" " ind2=" ">
    <subfield code="0">0</subfield>
    <subfield code="1">0</subfield>
    <subfield code="2">ddc</subfield>
    <subfield code="4">0</subfield>
    <subfield code="7">0</subfield>
    <subfield code="a">POL</subfield>
    <subfield code="b">POL</subfield>
    <subfield code="c">REF</subfield>
    <subfield code="d">2026-01-23</subfield>
    <subfield code="l">0</subfield>
    <subfield code="o">R 658.18 LAL/M</subfield>
    <subfield code="p">POL23879</subfield>
    <subfield code="r">2026-06-23 13:24:22</subfield>
    <subfield code="w">2026-06-23</subfield>
    <subfield code="y">REF</subfield>
  </datafield>
</record>
